Quiz o Ameryce Północnej i Południowej - Statystyki

Ogólne statystyki
  • Ten quiz został rozwiązany 75 razy
    68 od ostatniego zresetowania
  • Średni wynik to 9 z 15
Statystyki odpowiedzi
Wskazówka Odpowiedź % Poprawnych
Stolica Kanady Ottawa
92%
Państwo, którego jest stolicą Bogota Kolumbia
89%
Brazylia
78%
Paragwaj
75%
Państwa śródlądowe Boliwia
72%
Państwa graniczące z Surinamem (Nie uwzględniając terytoriów zamorskich itp.) Gujana
72%
Największe hiszpańskojęzyczne miasto Meksyk
70%
Saint Lucia
64%
Saint Vincent i Grenadyny
63%
Państwa, które zaczynają się od "Saint" Saint Kitts i Nevis
58%
Jedyne holendersko/niderlandzko języczne państwo Surinam
55%
Państwo, którego stolicą jest Belmopan Belize
36%
Stolica stanu Teksasu Austin
28%
Najwyższy szczyt Ameryki Północnej Denali
27%
Najwyższy szczyt Ameryki Południowej Aconcagua
25%
Nie znaleziono quizów pasujących do podanych kryteriów
Rozkład punktacji
Procent ludzi z każdym wynikiem
Percentyl według liczby udzielonych odpowiedzi
Twoja historia wyników
Nie rozwiązałeś tego quizu od ostatniego zresetowania